Black Muslim religion in the Nation of Islam, 1960-1975 (Record no. 21715)
[ view plain ]
| 000 -LEADER | |
|---|---|
| fixed length control field | 01925nam a22003854a 4500 |
| 082 04 - DEWEY DECIMAL CLASSIFICATION NUMBER | |
| Classification number | 297.8/7 |
| 100 1# - MAIN ENTRY--AUTHOR NAME | |
| Personal name | Curtis, Edward E., |
| 245 10 - TITLE STATEMENT | |
| Title | Black Muslim religion in the Nation of Islam, 1960-1975 |
| 260 ## - PUBLICATION, DISTRIBUTION, ETC. (IMPRINT) | |
| Place of publication | Chapel Hill : |
| Name of publisher | University of North Carolina Press, |
| Year of publication | c2006. |
| 300 ## - PHYSICAL DESCRIPTION | |
| Number of Pages | xii, 241 p. : |
| Other physical details | ill. |
| 505 0# - FORMATTED CONTENTS NOTE | |
| Formatted contents note | What Islam has done for me : finding religion in the Nation of Islam -- Making a Muslim messenger : defending the Islamic legitimacy of Elijah Muhammad -- Black Muslim history narratives : orienting the Nation of Islam in Muslim time and space -- The ethics of the Black Muslim body -- Rituals of control and liberation -- Conclusion : becoming Muslim Again. |
| 650 #0 - SUBJECT ADDED ENTRY--TOPICAL TERM | |
| Topical Term | Black Muslims |
| Topical Term | African American Muslims |
| Topical Term | Black nationalism |
| 856 40 - ELECTRONIC LOCATION AND ACCESS | |
| Uniform Resource Identifier | http://site.ebrary.com/lib/rucke/Doc?id=10273406 |
No items available.
